000
00258nam a22001097a 4500
008
140319t xxu||||| |||| 00| 0 eng d
020
_a
81-7758-278-X
100
_a
T K Attwood
_9
783
245
_a
Introduction to Bioinformatics
300
_a
240
942
_2
ddc
_c
BK
999
_c
17037
_d
17037